000
00217nam a2200097Ia 4500
005
20251222114349.0
008
251222s1900||||xx |||||||||||||| ||spa||
082
_a
DVD0092/G82
245
0
_a
El gran silencio:
942
_c
DVD
999
_c
1147
_d
1147